Представление документа в формате RUSMARC

ПолеНазваниеЗначение
  Тип записи a
  Библиографический уровень m
001 Контрольный номер RU/SLIB/B/208707432
005 Дата корректировки 20201206203856.3
010 Индекс ISBN __
d Цена 18-00
101 Язык документа __
a Язык текста rus
c Язык оригинала rus
200 Заглавие и сведения об ответственности 0_
a Заглавие Евангельские образы, сюжеты, мотивы в художественной культуре: Проблемы интерпретаций
f Первые сведения об ответственности Е. М. Четина
b Общее обозначение материала Текст
210 Выходные данные __
a Место издания М.
c Издательство Флинта
c Издательство Наука
d Дата издания 1998
215 Физическое описание __
a Объем 112 с.
c Иллюстрации/тип воспроизводства ил.
600 Персоналии __
a Персоналии (Фамилия) Понтий Пилат
600 Персоналии __
a Персоналии (Фамилия) Иуда Искариот
606 Тематические рубрики __
a Основная рубрика История культурологических учений
a Основная рубрика Культурология
a Основная рубрика Прикладная культурология
a Основная рубрика Религия. Мистика. Свободомыслие
a Основная рубрика Теоретическая культурология
a Основная рубрика Христианство в целом
610 Ключевые слова __
a Ключевые слова евангелия; евангельские сюжеты; образы; интерпретации; художественная культура
686 Индексы других классификаций __
2 Код системы rubbks
a Классификационный индекс 86.37; ст86.37
686 Индексы других классификаций __
a Классификационный индекс 71
700 Автор _1
a Фамилия Четина
b Имя Е. М.
4 Код отношения 070
801 Источник записи _0
a Страна RU
b Организация Муниципальное бюджетное учреждение культуры "Централизованная библиотечная система" г. Сургут (Центральная городская библиотека им. А. С. Пушкина)
g Правила каталогизации ОБ/Бутенко
801 Источник записи _1
a Страна RU
b Организация Муниципальное бюджетное учреждение культуры "Централизованная библиотечная система" г. Сургут (Центральная городская библиотека им. А. С. Пушкина)
g Правила каталогизации ОБ/Бутенко
852 Данные о местонахождении __
j Шифр хранения 86.37
c Каталожный индекс 86.37; 71
i Авторский знак Ч-52
p Инвентарный номер 74197
901 Тип документа __
t Тип документа m
903 Характеристики (МАРС) __
a Дата передачи 19991225
990 Данные о заказе (DOS) 00
j Количество экземпляров (DOS) 5
t N записи в КСУ для И/У (DOS) 200001